'The' Questions - Statistics

General Stats
  • This quiz has been taken 28 times
  • The average score is 5 of 7
Answer Stats
Countries Hint Answer % Correct
The country with 50 stars United States
100%
The country with a flag and starts with 'Z' Zambia | Zimbabwe
88%
The country has more nukes than United States Russia
83%
The country is the smallest size and land area in european country Vatican City
83%
The country has neutral Switzerland
71%
The country and with the most crime rate Venezuela
25%
The country if the old country collapses Nazi Germany
4%
No matching quizzes found
Score Distribution
Percent of People with Each Score
Percentile by Number Answered
Your Score History
You have not taken this quiz